Normal view
MARC view
- Duhring, Eugen,
Entry Nombre Personal
001 - NUMERO DE CONTROL
- campo de control: 14233
003 - IDENTIFICADOR DE NUMERO DE CONTROL
- campo de control: UPN
005 - FECHA Y HORA DE LA ÜLTIMA TRANSACCIÓN
- campo de control: 20220630203658.0
008 - DATOS DE LONGITUD FIJA
- campo de control de longitud fija: 220630nn acannaabn n ana d
035 ## - NUMERO DE CONTROL
- Número de control: UPN10000014241
040 ## - FUENTE DE CATALOGACIÓN
- Lenguaje de catalogación: SPA
- Agencia de transcripción: UPN
- Agencia original de catalogación: UPN
053 #4 - NÚMERO DE CLASIFICACIÓN LC
- Número de clasificación elemento-número único o número inicial de tramo: B3223
100 1# - ENCABEZAMIENTO - NOMBRE PERSONAL
- Nombre personal: Duhring, Eugen,
- Fechas asociadas con el nombre: 1833-1921-
- Subdivisión temática general : Crítica e interpretación
670 ## - FUENTE EN LA QUE SE LOCALIZARON DATOS
- Cita de la fuente: T/P
- Información localizada: Salvat universal
902 ## - CATALOGADOR
- Catalogador: LG/070497
